| 000 | 00339nam a2200121Ia 4500 | ||
|---|---|---|---|
| 008 | 230303s9999 xx 000 0 und d | ||
| 041 | _aeng | ||
| 082 | _a621.3813 SIS | ||
| 100 | _aSISODIA (M.G) GUPTA (VIJAY LAXMI) | ||
| 245 | _aMicrowaves : Introduction to Circuits, Devices and Antennas | ||
| 260 |
_aNew Delhi _bNEW AGE |
||
| 365 | _cRS | ||
| 999 |
_c178622 _d178622 |
||